| 000 | 00529cam a2200157 4500500 | ||
|---|---|---|---|
| 005 | 20251012004340.0 | ||
| 041 | _afre | ||
| 042 | _adc | ||
| 100 | 1 | 0 |
_aMaurin, Louis _eauthor |
| 700 | 1 | 0 |
_a Jeanneau, Laurent _eauthor |
| 245 | 0 | 0 | _aQui est riche, qui est pauvre ? |
| 260 | _c2016. | ||
| 500 | _a12 | ||
| 786 | 0 | _nAlternatives Économiques | 109 - Hors série | HS1 | 2016-10-01 | p. 20-20 | 0247-3739 | |
| 856 | 4 | 1 | _uhttps://shs.cairn.info/magazine-alternatives-economiques-2016-hs1-page-20?lang=fr&redirect-ssocas=7080 |
| 999 |
_c1515245 _d1515245 |
||